Normal view
MARC view
- Ph. D - Thesis.Computer Software Engineering
Entry Topical Term
001 - CONTROL NUMBER
- control field: 124479
003 - CONTROL NUMBER IDENTIFIER
- control field: NUST
005 - DATE AND TIME OF LATEST TRANSACTION
- control field: 20240712100843.0
008 - FIXED-LENGTH DATA ELEMENTS
- fixed length control field: 240712|| aca||aabn | a|a d
040 ## - CATALOGING SOURCE
- Original cataloging agency: NUST
- Transcribing agency: NUST
150 ## - HEADING--TOPICAL TERM
- Topical term or geographic name entry element: Ph. D - Thesis.Computer Software Engineering
670 ## - SOURCE DATA FOUND
- Source citation: Work cat.: (NUST)535270: Sultana, Sidra 29744, Automation of software modeling and verification /, 2018.
